| 000 | 01563nam a2200325 4500 | ||
|---|---|---|---|
| 001 | 0000013264 | ||
| 003 | CO-CtgCURN | ||
| 005 | 20250506145311.0 | ||
| 007 | ta | ||
| 008 | 160627s1993 000 0 eng d | ||
| 020 | _a9589093221 | ||
| 040 |
_aCO-CtgCURN _bspa _ccoctgcurn |
||
| 082 | 0 |
_a309.145 _bM17s |
|
| 100 | 1 | _aVon Martin, Alfred. | |
| 245 | 1 | 0 |
_aSociología del Renacimiento / _cAlfred Martin , traducción de Manuel Pedroso. |
| 260 |
_aBogotá : _bFondo de cultura economica, _c1993. |
||
| 300 | _a132 p. | ||
| 336 | _2rdacontent | ||
| 337 |
_2rdamedia _asin mediacion _bn |
||
| 338 |
_2rdacarrier _avolumen _bnc |
||
| 490 | 1 |
_aColección popular ; _v40 |
|
| 500 | _aTitulo original : Soziologie der Renaissance.Colección José Francisco Socarras. | ||
| 505 | 8 | _aLa nueva dinamica.--La transformacion de las capas sociales.--El nuevo tipo del empresario individualista.--La funcion del saber y la educación.--Las clases poseedoras y los intelectuales.--La curva del proceso.--El riesgo y el espiritu de empresa.--La cultura de la nuevas clases gobernantes; el nuevo estatismo y el conservadurismo burgues.--El humanismo como romanticismo y restauracion.--La sociedad del renacimiento y la Iglesia.--La alianza efectiva de la Iglesia con los nuevos poderes | |
| 650 | 1 | 4 |
_aCivilizacion moderna _vHistoria. |
| 700 | 1 | _aPedroso, Manuel. | |
| 908 | _a160627 | ||
| 942 |
_cBK _h309.145 _iM17s _2ddc _n0 |
||
| 999 |
_c17822 _d17822 |
||